000 00610nam a2200241Ia 4500
003 OSt
005 20221005122300.0
006 a|||||r|||| 00| 0
007 ta
008 221004b |||||||| |||| 00| 0 urd d
024 _a7449
037 _cTextual
040 _aCRL
_cCRL
_burd
041 _2urd
_aurd
082 _aO168,3N2ZK,1, N48
100 _aHassan Mohammad
_9631762
245 0 _aJab Kashmir jal raha tha
260 _c1948
300 _a159p.
_ccm.
650 _aURDU LITERATURE
942 _hO168,3N2ZK,1, N48
_cTEXL
_2cc
999 _c1043824
_d1043824